| 000 | 01290nam a2200241 4500 | ||
|---|---|---|---|
| 003 | CO-ViMGA | ||
| 020 | _a9789587850444 | ||
| 040 |
_aCO-ViMGA _bspa _cCO-ViMGA |
||
| 082 | 0 | 4 |
_a498 _b P65t |
| 100 | 1 |
_aPónare González, Beatriz _913870 |
|
| 245 | 1 | 0 |
_aTajume liwaisi = Mi lengua sikuani / _c textos y traducción de Beatriz Pónare González ; ilustración de Luis Alfredo Pónare |
| 260 |
_aBogotá : _bMinisterio de Educación Nacional _c2017 |
||
| 300 |
_a[40] p.: _bil. color |
||
| 490 |
_aPlan Nacional de Lectura y Escritura Leer es mi Cuento _aRío de letras. Territorios narrados; 16 |
||
| 500 | _aColección de actualización bibliográfica para la Red de Bibliotecas Públicas del Ministerio de Cultura, Plan Nacional de Lectura y Escritura Leer es mi cuento, 2018 | ||
| 504 | _aIncluye glosario | ||
| 520 | _aSe trata de un abecedario profusamente ilustrado dirigido a niños de básica primaria y que además representa un viaje a través de la flora y fauna que rodea a la comunidad sikuani del Vichada...tomado de la contracubierta | ||
| 650 | 1 | 4 |
_aLenguas indígenas _zColombia _913872 |
| 650 | 1 | 4 |
_aSikuani (lengua indígena) _xEnseñanza _913871 |
| 650 | 1 | 4 |
_aSikuani (lengua indígena) _xGramática _913873 |
| 700 | 1 |
_aPónare, Luis Alfredo _913874 |
|
| 942 |
_2ddc _cBK |
||
| 999 |
_c11896 _d11896 |
||